000 01137 a2200265 4500
999 _c342330
_d342330
003 NUST
005 20171218124924.0
008 171218b xxu||||| |||| 00| 0 eng d
010 _a 93011550
020 _a0024041718
040 _c0
082 0 0 _a808 ROZ
100 1 _aRoze, Maris.
_97452
245 1 0 _aTechnical communication :
_bthe practical craft /
_cMaris Roze.
250 _a2nd ed.
260 _aNew York :
_bMerrill ;
_aToronto :
_bMaxwell Macmillan Canada ;
_aNew York :
_bMaxwell Macmillan International,
_cc1994.
300 _axii, 288p. :
_bill. ;
_c24 cm.
440 0 _aMerrill's international series in engineering technology
_97453
500 _aIncludes index.
501 _aP.B
505 _aDevelopment Methods (Page-21), Reports (Page-59), Correspondence (Page-133), Oral Communication (Page-159), Research And Development (Page-189), Grammer; Usage And Style (Page-213), Mechanics (Page-257)
538 _aAlmirah No.37, Shelf No.1
650 0 _aTechnical writing.
_97391
650 0 _aTelecommunication Engineering
_9200
942 _2ddc
_cBK
_kIESE